<?xml version="1.0" encoding="UTF-8"?>
<marc:record xmlns:marc="http://www.loc.gov/MARC21/slim">
   <marc:leader>00000nam a2200000 a 4500</marc:leader>
   <marc:datafield ind1="1" ind2=" " tag="100">
      <marc:subfield code="a">Blade, Adam</marc:subfield>
      <marc:subfield code="4">aut</marc:subfield>
      <marc:subfield code="e">Verfasser/-in</marc:subfield>
   </marc:datafield>
   <marc:datafield ind1="0" ind2="0" tag="245">
      <marc:subfield code="a">Torpix, Biss des Verderbens</marc:subfield>
   </marc:datafield>
   <marc:datafield ind1="0" ind2="0" tag="245">
      <marc:subfield code="b">; Beast Quest Band 54 / Antolin</marc:subfield>
   </marc:datafield>
   <marc:datafield ind1=" " ind2="1" tag="264">
      <marc:subfield code="b">Loewe Verl.</marc:subfield>
      <marc:subfield code="c">2019</marc:subfield>
   </marc:datafield>
   <marc:datafield ind1="1" ind2=" " tag="490">
      <marc:subfield code="a">Beast Quest</marc:subfield>
   </marc:datafield>
   <marc:datafield ind1="1" ind2=" " tag="520">
      <marc:subfield code="a">Tom und Elenna feiern ihre Rückkehr nach Avantia. Doch der böse Magier Malvel stiehlt den Stab des Hexenmeisters und reist mit der Hexe Petra nach Seraph, wo er gefährliche Biester erschafft. Tom und Elenna müssen ihn aufhalten! Malvel steht kurz davor, der mächtigste Herrscher aller Königreiche zu werden. Tom und Elenna setzen alles daran, den Magier zu besiegen, und Avantia vor dem Untergang zu retten. Doch in ihrem finalen Kampf treffen sie nicht nur auf Malvel, sondern auch auf Torpix, eine gigantische Giftschlange à</marc:subfield>
   </marc:datafield>
   <marc:datafield ind1=" " ind2=" " tag="020">
      <marc:subfield code="a">9783785589601</marc:subfield>
      <marc:subfield code="9">9783785589601</marc:subfield>
   </marc:datafield>
</marc:record>
